| 000 | 00444pab a2200157 454500 | ||
|---|---|---|---|
| 008 | 180718b2009 xxu||||| |||| 00| 0 eng d | ||
| 100 | _aDavies, Jonathan S. | ||
| 245 | _aThe limits of joined-up government: towards a political analysis | ||
| 260 | _c2009 | ||
| 300 | _ap.80-96. | ||
| 650 | _aGreat Britain - Politics and government | ||
| 650 | _aPolitics and government | ||
| 773 | _aPublic Administration | ||
| 908 | _aN | ||
| 909 | _a83097 | ||
| 999 |
_c83097 _d83097 |
||